000 00570cam a2200169 i 4500
020 _a9781627030434 (hardcover : acidfree paper)
020 _z9781627030441(ebook)
050 4 _aRC627.M3
_bW38 2013
100 1 _aWatson, Ronald R.
245 1 0 _aMagnesium in human health and disease /
_cRonald Ross Watson, Victor R. Preedy, Sherma Zibadi, editors.
650 0 _xHealth aspects.
700 1 _aWatson, Ronald R.
700 1 _aPreedy, Victor R.,
700 1 _aZibadi, Sherma,
856 4 0 _uhttp://www.columbia.edu/cgi-bin/cul/resolve?clio10190805
942 _2lcc
_cGEN
999 _c14283
_d14283